00460nam a2200157Ia 45000010006000000050017000060080041000230410008000640820024000721100022000962450131001182600009002493000028002586500008002866540008002941258920260306162952.0260306t2024||||xx |||||||||||||| ||spa|| aESP aHR 348bENE 2024 SL aGaceta Jurídica 0aSoluciones laborales :bsistema integral de información para abogados, jefes de recursos humanos, administradores y gerentes c2024 a288 páginas :c25 cm. aGEN aCDE